[Event "BCF-chT1b 0910 (4NCL)"]
[Site "England"]
[Date "2010.03.27"]
[Round "7.3"]
[White "Collinson, Adam"]
[Black "Zeidler, Sven P"]
[Result "1-0"]
[WhiteElo "2393"]
[BlackElo "2221"]
[PlyCount "115"]
[EventDate "2009.10.24"]
[EventType "team-tourn"]
[EventRounds "7"]
[EventCountry "ENG"]
[SourceTitle "EXT 2011"]
[Source "ChessBase"]
[SourceDate "2010.11.26"]
[SourceVersion "1"]
[SourceVersionDate "2010.11.26"]
[SourceQuality "1"]
[WhiteTeam "Barbican"]
[BlackTeam "South Wales Dragons"]
[WhiteTeamCountry "ENG"]
[BlackTeamCountry "ENG"]

1. e4 d5 2. exd5 Qxd5 3. Nc3 Qd6 4. d4 Nf6 5. Nf3 c6 6. h3 g6 7. Be3 Bg7 8. Qd2 Nbd7 9. 0-0-0 0-0 10. Bf4 Qb4 11. Bh6 Nb6 12. Bxg7 Kxg7 13. Ne5 Be6 14. a3 Qa5 15. h4 Nbd5 16. Nxd5 Qxd2+ 17. Rxd2 Bxd5 18. f3 Rfd8 19. Bd3 h5 20. Re1 Nd7 21. c4 Nxe5 22. dxe5 Be6 23. Be2 Rxd2 24. Kxd2 Rd8+ 25. Kc3 Bf5 26. b4 Kh6 27. Rd1 Rxd1 28. Bxd1 g5 29. g3 Kg6 30. Kd4 Bb1 31. hxg5 Kxg5 32. f4+ Kg6 33. a4 Bf5 34. Bf3 Bd7 35. a5 b6 36. Be4+ Kh6 37. axb6 axb6 38. Bf3 Kg6 39. Be4+ Kh6 40. c5 b5 41. e6 fxe6 42. Ke5 Kg7 43. Bc2 Bc8 44. Bb3 Bd7 45. Bxe6 Be8 46. Bf5 Kf7 47. Bh3 Kf8 48. Bg2 Kf7 49. Bf3 Kg7 50. Ke6 Kf8 51. Kf5 h4 52. gxh4 Bd7+ 53. Ke5 Kg7 54. Be4 Kf8 55. Bf5 Be8 56. Ke6 Bf7+ 57. Kd7 Bd5 58. Be6 1-0

[Event "BCF-chT1a 0910 (4NCL)"]
[Site "England"]
[Date "2009.10.24"]
[Round "1.1"]
[White "Collinson, Adam"]
[Black "Mestel, A Jonathan"]
[Result "0-1"]
[WhiteElo "2393"]
[BlackElo "2473"]
[PlyCount "104"]
[EventDate "2009.10.24"]
[EventType "team-tourn"]
[EventRounds "7"]
[EventCountry "ENG"]
[SourceTitle "EXT 2011"]
[Source "ChessBase"]
[SourceDate "2010.11.26"]
[SourceVersion "1"]
[SourceVersionDate "2010.11.26"]
[SourceQuality "1"]
[WhiteTeam "Barbican II"]
[BlackTeam "The ADS"]
[WhiteTeamCountry "ENG"]
[BlackTeamCountry "ENG"]

1. e4 c5 2. b3 d6 3. Bb2 Nf6 4. Nc3 g6 5. Nd5 e5 6. Nxf6+ Qxf6 7. Bc4 Bg7 8. Ne2 Qh4 9. 0-0 Qxe4 10. f4 0-0 11. Nc3 Qd4+ 12. Kh1 Be6 13. Qe2 Bxc4 14. bxc4 exf4 15. Na4 f3 16. Qxf3 Qxc4 17. Qxb7 Na6 18. Bxg7 Kxg7 19. Qb2+ Kg8 20. Nc3 Nb4 21. a3 Nd5 22. Nxd5 Qxd5 23. Qc3 Rae8 24. Rae1 Re6 25. h3 Rfe8 26. Rxe6 Rxe6 27. Rb1 Re8 28. d3 h5 29. Qf6 Qe6 30. Qxe6 Rxe6 31. Rb7 a5 32. Ra7 Kf8 33. Rxa5 Re1+ 34. Kh2 Rc1 35. Ra7 Ke8 36. a4 Rxc2 37. a5 Ra2 38. h4 Ra3 39. a6 Kf8 40. Ra8+ Ke7 41. a7 Kf6 42. g3 Ra2+ 43. Kh3 Kf5 44. Rd8 Rxa7 45. Rxd6 Ke5 46. Rd8 Ra6 47. Rc8 Kd5 48. Kg2 Rf6 49. Rd8+ Rd6 50. Rc8 Kd4 51. Kf3 Rd5 52. Ke2 Kc3 0-1

[Event "BCF-chT1b 0809 (4NCL)"]
[Site "England"]
[Date "2008.10.04"]
[Round "1.1"]
[White "Collinson, Adam"]
[Black "Speelman, Jonathan S"]
[Result "1/2-1/2"]
[WhiteElo "2218"]
[BlackElo "2530"]
[PlyCount "33"]
[EventDate "2008.10.04"]
[EventType "team-tourn"]
[EventRounds "7"]
[EventCountry "ENG"]
[SourceTitle "CBM 126 Extra"]
[Source "ChessBase"]
[SourceDate "2008.11.05"]
[SourceVersion "1"]
[SourceVersionDate "2008.11.05"]
[SourceQuality "1"]
[WhiteTeam "Barbican II"]
[BlackTeam "Gambit ADs"]
[WhiteTeamCountry "ENG"]
[BlackTeamCountry "ENG"]

1. e4 c6 2. d4 d5 3. Nc3 dxe4 4. Nxe4 Bf5 5. Ng3 Bg6 6. N1e2 Nf6 7. Nf4 e5 8. Nxg6 hxg6 9. dxe5 Qa5+ 10. Bd2 Qxe5+ 11. Qe2 Qxe2+ 12. Bxe2 Nbd7 13. 0-0 Bd6 14. Rad1 0-0-0 15. Rfe1 Nb6 16. h3 Rhe8 17. Bd3 1/2-1/2

[Event "BCF-chT 0607 (4NCL)"]
[Site "Sunningdale"]
[Date "2007.05.06"]
[Round "10.4"]
[White "Collinson, Adam"]
[Black "Plaskett, H James"]
[Result "1/2-1/2"]
[WhiteElo "2384"]
[BlackElo "2499"]
[PlyCount "69"]
[EventDate "2006.09.16"]
[EventType "team"]
[EventRounds "11"]
[EventCountry "ENG"]
[SourceTitle "EXT 2008"]
[Source "ChessBase"]
[SourceDate "2007.11.25"]
[SourceVersion "1"]
[SourceVersionDate "2007.11.25"]
[SourceQuality "1"]
[WhiteTeam "Barbican"]
[BlackTeam "Guildford II"]
[WhiteTeamCountry "ENG"]
[BlackTeamCountry "ENG"]

1. e4 c5 2. Nf3 e6 3. c3 Nf6 4. e5 Nd5 5. d4 cxd4 6. cxd4 b6 7. Bd3 Ba6 8. 0-0 Qc7 9. a3 Be7 10. Bg5 f6 11. Bh4 f5 12. Bxe7 Kxe7 13. Bxa6 Nxa6 14. Nbd2 Rac8 15. Rc1 Qxc1 16. Qxc1 Rxc1 17. Rxc1 h6 18. h4 g5 19. hxg5 hxg5 20. g3 g4 21. Nh4 Rb8 22. Nf1 b5 23. b4 Nac7 24. Ne3 Rb6 25. Ng6+ Kd8 26. Nf4 Nxf4 27. gxf4 a5 28. d5 axb4 29. axb4 Nxd5 30. Nxd5 exd5 31. Rd1 Ke7 32. Rxd5 Rc6 33. Rxb5 Rc4 34. Rb6 Rxf4 35. Rf6 1/2-1/2

[Event "BCF-chT 0506 (4NCL)"]
[Site "Birmingham"]
[Date "2005.11.19"]
[Round "3.5"]
[White "Ledger, Dave J"]
[Black "Collinson, Adam"]
[Result "1/2-1/2"]
[WhiteElo "2278"]
[BlackElo "2385"]
[PlyCount "26"]
[EventDate "2005.10.22"]
[EventType "team"]
[EventRounds "11"]
[EventCountry "ENG"]
[SourceTitle "EXT 2007"]
[Source "ChessBase"]
[SourceDate "2006.11.23"]
[SourceVersion "1"]
[SourceVersionDate "2006.11.23"]
[SourceQuality "1"]
[WhiteTeam "BET"]
[BlackTeam "Barbican"]
[WhiteTeamCountry "ENG"]
[BlackTeamCountry "ENG"]

1. e4 d6 2. Nc3 Nf6 3. d4 g6 4. g3 Bg7 5. Bg2 0-0 6. h3 e5 7. Nge2 Nc6 8. Be3 Bd7 9. 0-0 b5 10. a3 Re8 11. Re1 a5 12. dxe5 Nxe5 13. b3 Rb8 1/2-1/2

[Event "BCF-chT 0405 (4NCL)"]
[Site "West Bromwich"]
[Date "2005.05.02"]
[Round "11.5"]
[White "Collinson, Adam"]
[Black "Turner, Matthew"]
[Result "1-0"]
[WhiteElo "2385"]
[BlackElo "2499"]
[PlyCount "63"]
[EventDate "2004.09.18"]
[EventType "team"]
[EventRounds "11"]
[EventCountry "ENG"]
[SourceTitle "EXT 2006"]
[Source "ChessBase"]
[SourceDate "2005.11.24"]
[SourceVersion "1"]
[SourceVersionDate "2005.11.24"]
[SourceQuality "1"]
[WhiteTeam "Barbican"]
[BlackTeam "Wood Green II"]
[WhiteTeamCountry "ENG"]
[BlackTeamCountry "ENG"]

1. e4 c5 2. Nf3 g6 3. g3 Bg7 4. Bg2 Nc6 5. 0-0 d6 6. c3 Nf6 7. Re1 0-0 8. d4 cxd4 9. cxd4 d5 10. e5 Ne4 11. Nc3 Nxc3 12. bxc3 Bg4 13. h3 Bxf3 14. Qxf3 e6 15. h4 Qa5 16. Bg5 Rfc8 17. Re3 Nb8 18. Qf4 Na6 19. Rf3 Rc7 20. h5 Bf8 21. Bh6 Bxh6 22. Qxh6 Qa3 23. Bh3 Qf8 24. Qg5 Re8 25. hxg6 hxg6 26. Kg2 Nb8 27. Rh1 Nd7 28. Rf4 Qg7 29. Rh4 f6 30. exf6 Qxf6 31. Bxe6+ Rxe6 32. Rh8+ 1-0

[Event "BCF-chT 0304 (4NCL)"]
[Site "West Bromwich"]
[Date "2004.05.23"]
[Round "11.2"]
[White "Chandler, Murray G"]
[Black "Collinson, Adam"]
[Result "1-0"]
[WhiteElo "2520"]
[BlackElo "2391"]
[PlyCount "77"]
[EventDate "2003.10.18"]
[EventType "team"]
[EventRounds "11"]
[EventCountry "ENG"]
[SourceTitle "EXT 2005"]
[Source "ChessBase"]
[SourceDate "2004.11.15"]
[SourceVersion "1"]
[SourceVersionDate "2004.11.15"]
[SourceQuality "1"]
[WhiteTeam "The ADS"]
[BlackTeam "Barbican II"]
[WhiteTeamCountry "ENG"]
[BlackTeamCountry "ENG"]

1. e4 d6 2. d4 Nf6 3. Nc3 e5 4. Nf3 Nbd7 5. Bc4 Be7 6. 0-0 0-0 7. a4 c6 8. Ba2 b6 9. h3 a6 10. Be3 Rb8 11. Nd2 b5 12. axb5 axb5 13. Ne2 c5 14. dxc5 Nxc5 15. Ng3 g6 16. Qf3 Be6 17. Bh6 Re8 18. Bxe6 Nxe6 19. Rfd1 Nd4 20. Qd3 Qc7 21. c3 Ne6 22. Ndf1 Nf4 23. Qf3 N6h5 24. Ne3 Qb7 25. Nxh5 Nxh5 26. Nd5 Ra8 27. g4 Ng7 28. Nf6+ Bxf6 29. Qxf6 Ne6 30. Rxa8 Rxa8 31. Rxd6 Qxe4 32. Rxe6 Ra1+ 33. Kh2 Rh1+ 34. Kg3 Qd3+ 35. f3 Rxh3+ 36. Kxh3 Qf1+ 37. Kh4 Qf2+ 38. Kg5 Qd2+ 39. f4 1-0

[Event "BCF-chT 0304 (4NCL)"]
[Site "West Bromwich"]
[Date "2004.03.21"]
[Round "6.1"]
[White "Shaw, John"]
[Black "Collinson, Adam"]
[Result "1/2-1/2"]
[WhiteElo "2465"]
[BlackElo "2391"]
[PlyCount "52"]
[EventDate "2003.10.18"]
[EventType "team"]
[EventRounds "11"]
[EventCountry "ENG"]
[SourceTitle "EXT 2005"]
[Source "ChessBase"]
[SourceDate "2004.11.15"]
[SourceVersion "1"]
[SourceVersionDate "2004.11.15"]
[SourceQuality "1"]
[WhiteTeam "Slough"]
[BlackTeam "Barbican II"]
[WhiteTeamCountry "ENG"]
[BlackTeamCountry "ENG"]

1. e4 c5 2. Nf3 d6 3. Bb5+ Nc6 4. 0-0 Bd7 5. Re1 Nf6 6. h3 g6 7. c3 Ne5 8. Bxd7+ Nfxd7 9. d4 Nxf3+ 10. Qxf3 Bg7 11. e5 dxe5 12. dxe5 Nxe5 13. Qxb7 0-0 14. Bg5 Qb6 15. Qxb6 axb6 16. b3 Ra7 17. a4 c4 18. bxc4 Nxc4 19. Rxe7 Rxe7 20. Bxe7 Re8 21. Na3 Bxc3 22. Rc1 Nb2 23. Rxc3 Rxe7 24. Rb3 Nxa4 25. Rb4 Ra7 26. Nc4 Kg7 1/2-1/2

[Event "BCF-chT 0304 (4NCL)"]
[Site "West Bromwich"]
[Date "2004.01.17"]
[Round "3.1"]
[White "Rowson, Jonathan"]
[Black "Collinson, Adam"]
[Result "1/2-1/2"]
[WhiteElo "2547"]
[BlackElo "2391"]
[PlyCount "53"]
[EventDate "2003.10.18"]
[EventType "team"]
[EventRounds "11"]
[EventCountry "ENG"]
[SourceTitle "EXT 2005"]
[Source "ChessBase"]
[SourceDate "2004.11.15"]
[SourceVersion "1"]
[SourceVersionDate "2004.11.15"]
[SourceQuality "1"]
[WhiteTeam "Guildford"]
[BlackTeam "Barbican II"]
[WhiteTeamCountry "ENG"]
[BlackTeamCountry "ENG"]

1. e4 c5 2. Nf3 d6 3. Nc3 e5 4. a3 Be7 5. b4 cxb4 6. axb4 Nf6 7. Bc4 0-0 8. d3 Nbd7 9. Be3 Nb6 10. Bxb6 Qxb6 11. Qb1 Bg4 12. Na4 Qd8 13. Nd2 d5 14. Bxd5 Nxd5 15. exd5 Qxd5 16. 0-0 b5 17. Nc3 Qd4 18. Nxb5 Qxb4 19. Qxb4 Bxb4 20. Nc4 e4 21. Rfb1 Bc5 22. dxe4 Rfc8 23. Ne5 Be6 24. Nf3 a5 25. Nbd4 Bd7 26. Rb7 Be8 27. Kf1 1/2-1/2

[Event "BCF-chT 0203 (4NCL)"]
[Site "West Bromwich"]
[Date "2003.04.12"]
[Round "7.6"]
[White "Sowray, Peter John"]
[Black "Collinson, Adam"]
[Result "1/2-1/2"]
[WhiteElo "2314"]
[BlackElo "2390"]
[PlyCount "49"]
[EventDate "2002.11.??"]
[EventType "team"]
[EventRounds "11"]
[EventCountry "ENG"]
[SourceTitle "EXT 2004"]
[Source "ChessBase"]
[SourceDate "2003.11.25"]
[SourceVersion "1"]
[SourceVersionDate "2003.11.25"]
[SourceQuality "1"]
[WhiteTeam "Wood Green II"]
[BlackTeam "Barbican"]
[WhiteTeamCountry "ENG"]
[BlackTeamCountry "ENG"]

1. d4 Nf6 2. c4 g6 3. Nf3 Bg7 4. g3 0-0 5. Bg2 d6 6. 0-0 c6 7. Nc3 Bf5 8. Re1 Ne4 9. Nxe4 Bxe4 10. Bg5 Re8 11. Qd2 Nd7 12. Bh6 Bh8 13. Bh3 Bxf3 14. exf3 d5 15. Qb4 Qb6 16. Qxb6 Nxb6 17. c5 Nc4 18. Bd7 Red8 19. Rxe7 Bf6 20. Rae1 Nxb2 21. Rxf7 Kxf7 22. Be6+ Ke8 23. Bh3+ Kf7 24. Be6+ Ke8 25. Bh3+ 1/2-1/2

[Event "BCF-chT 0203 (4NCL)"]
[Site "West Bromwich"]
[Date "2003.03.09"]
[Round "6.2"]
[White "Collinson, Adam"]
[Black "Mestel, A Jonathan"]
[Result "1/2-1/2"]
[WhiteElo "2390"]
[BlackElo "2494"]
[PlyCount "96"]
[EventDate "2002.11.??"]
[EventType "team"]
[EventRounds "11"]
[EventCountry "ENG"]
[SourceTitle "EXT 2004"]
[Source "ChessBase"]
[SourceDate "2003.11.25"]
[SourceVersion "1"]
[SourceVersionDate "2003.11.25"]
[SourceQuality "1"]
[WhiteTeam "Barbican"]
[BlackTeam "The ADS"]
[WhiteTeamCountry "ENG"]
[BlackTeamCountry "ENG"]

1. e4 c5 2. c3 Nf6 3. e5 Nd5 4. d4 cxd4 5. Qxd4 e6 6. Nf3 Nc6 7. Qe4 d6 8. Nbd2 dxe5 9. Nxe5 Nxe5 10. Qxe5 Bd7 11. Bc4 Nb6 12. Be2 Bc6 13. Nf3 Qd5 14. 0-0 0-0-0 15. Bf4 Bd6 16. Qxd5 Nxd5 17. Bg3 Nf4 18. Bxf4 Bxf4 19. Nd4 Be4 20. Rfd1 Rd7 21. g3 Bb8 22. Rd2 a6 23. Rad1 Rhd8 24. Nb3 Ba7 25. Rxd7 Rxd7 26. Rxd7 Kxd7 27. Nd2 Bd5 28. Bf3 Kd6 29. Bxd5 Kxd5 30. Kf1 e5 31. Ke2 f5 32. f3 e4 33. fxe4+ fxe4 34. Nf1 h5 35. Ne3+ Ke6 36. Ng2 Kf5 37. h3 g5 38. Ne3+ Ke6 39. g4 h4 40. Ng2 Ke5 41. a4 a5 42. Kd2 Bc5 43. Ke2 Bd6 44. Kd2 Bf8 45. Ke2 Bd6 46. Kd2 Kd5 47. Ne3+ Kc5 48. b3 Bf4 1/2-1/2

[Event "BCF-chT 0203 (4NCL)"]
[Site "West Bromwich"]
[Date "2003.01.18"]
[Round "3.2"]
[White "Short, Nigel D"]
[Black "Collinson, Adam"]
[Result "1/2-1/2"]
[WhiteElo "2690"]
[BlackElo "2390"]
[PlyCount "111"]
[EventDate "2002.11.??"]
[EventType "team"]
[EventRounds "11"]
[EventCountry "ENG"]
[SourceTitle "EXT 2004"]
[Source "ChessBase"]
[SourceDate "2003.11.25"]
[SourceVersion "1"]
[SourceVersionDate "2003.11.25"]
[SourceQuality "1"]
[WhiteTeam "Wood Green"]
[BlackTeam "Barbican"]
[WhiteTeamCountry "ENG"]
[BlackTeamCountry "ENG"]

1. e4 c5 2. Nf3 d6 3. d4 cxd4 4. Nxd4 Nf6 5. Nc3 a6 6. Be2 e5 7. Nb3 Be7 8. 0-0 0-0 9. Kh1 b6 10. Be3 Bb7 11. f3 Nbd7 12. a4 Qc7 13. Qd2 Rfd8 14. Rfd1 h6 15. Qc1 Bf8 16. Rd2 Nc5 17. Nxc5 dxc5 18. Bc4 Rxd2 19. Qxd2 Rd8 20. Qe2 a5 21. Kg1 Bc6 22. b3 Be7 23. Rf1 Bd6 24. g3 Qe7 25. Bc1 Bc7 26. Nd1 Kh7 27. Ne3 g6 28. c3 Bd7 29. g4 Be6 30. Kg2 Rd7 31. h4 Ng8 32. Rh1 Bxc4 33. Qxc4 Qe6 34. Qxe6 fxe6 35. Nc4 Kg7 36. Kf2 Ne7 37. Ke2 Nc6 38. Be3 Bd8 39. g5 h5 40. Rd1 Rxd1 41. Kxd1 Bc7 42. Ke2 Kf7 43. Kd3 Ke8 44. Na3 Kd7 45. Kc4 Na7 46. Nb5 Nc8 47. b4 cxb4 48. cxb4 axb4 49. Kxb4 Kc6 50. Bf2 Bb8 51. Bg3 Kb7 52. Kc4 Ne7 53. Be1 Nc6 54. Bc3 Bc7 55. Bb2 Bb8 56. Bc3 1/2-1/2

[Event "BCF-chT 0102 (4NCL)"]
[Site "Birmingham"]
[Date "2002.05.04"]
[Round "9.3"]
[White "Collinson, Adam"]
[Black "Chandler, Murray G"]
[Result "1/2-1/2"]
[WhiteElo "2391"]
[BlackElo "2543"]
[PlyCount "57"]
[EventDate "2001.09.22"]
[EventType "team"]
[EventRounds "11"]
[EventCountry "ENG"]
[SourceTitle "CBM 084 Extra"]
[Source "ChessBase"]
[SourceDate "2001.10.26"]
[SourceVersion "1"]
[SourceVersionDate "2001.10.26"]
[SourceQuality "1"]
[WhiteTeam "Barbican II"]
[BlackTeam "Beeson Gregory"]
[WhiteTeamCountry "ENG"]
[BlackTeamCountry "ENG"]

1. e4 c5 2. c3 Nf6 3. e5 Nd5 4. d4 cxd4 5. Qxd4 e6 6. Nf3 Nc6 7. Qe4 d6 8. Nbd2 dxe5 9. Nxe5 Nxe5 10. Qxe5 Bd7 11. Nf3 Qb6 12. Bd3 Bd6 13. Qe2 Qc7 14. 0-0 0-0-0 15. a4 Kb8 16. a5 a6 17. Bd2 g5 18. g3 h5 19. Nxg5 Bc6 20. Ne4 f5 21. Nxd6 Qxd6 22. Rfd1 h4 23. c4 hxg3 24. fxg3 Qc5+ 25. Qf2 Qxf2+ 26. Kxf2 Nc7 27. Bf4 Rxh2+ 28. Ke3 Rxb2 29. Bxf5 1/2-1/2

[Event "BCF-chT 0102 (4NCL)"]
[Site "Birmingham"]
[Date "2002.01.20"]
[Round "6.5"]
[White "Povah, Nigel Edward"]
[Black "Collinson, Adam"]
[Result "0-1"]
[WhiteElo "2351"]
[BlackElo "2391"]
[PlyCount "72"]
[EventDate "2001.09.22"]
[EventType "team"]
[EventRounds "11"]
[EventCountry "ENG"]
[SourceTitle "CBM 084 Extra"]
[Source "ChessBase"]
[SourceDate "2001.10.26"]
[SourceVersion "1"]
[SourceVersionDate "2001.10.26"]
[SourceQuality "1"]
[WhiteTeam "Guildford"]
[BlackTeam "Barbican"]
[WhiteTeamCountry "ENG"]
[BlackTeamCountry "ENG"]

1. d4 d6 2. e4 Nf6 3. Nc3 e5 4. Nf3 Nbd7 5. Bc4 Be7 6. h3 c6 7. a4 0-0 8. dxe5 dxe5 9. Qe2 Qc7 10. g4 Nc5 11. Nh4 Be6 12. Nf5 Bxc4 13. Qxc4 Ne6 14. Be3 Rfd8 15. Nxe7+ Qxe7 16. Ne2 Nf4 17. Bxf4 exf4 18. f3 Qe5 19. Qc3 Nd7 20. h4 Qxc3+ 21. bxc3 Ne5 22. Rf1 Rd6 23. Rb1 b6 24. Rd1 Rad8 25. Rxd6 Rxd6 26. Nd4 f6 27. Ke2 Nc4 28. Rd1 Kf7 29. Nf5 Rxd1 30. Kxd1 c5 31. h5 g6 32. hxg6+ hxg6 33. Nh4 Nb2+ 34. Kd2 Nxa4 35. c4 Nb2 36. Kc3 Nd1+ 0-1

[Event "BCF-chT 0102 (4NCL)"]
[Site "Birmingham"]
[Date "2002.01.19"]
[Round "5.1"]
[White "Littlewood, Paul E"]
[Black "Collinson, Adam"]
[Result "1/2-1/2"]
[WhiteElo "2403"]
[BlackElo "2391"]
[PlyCount "42"]
[EventDate "2001.09.22"]
[EventType "team"]
[EventRounds "11"]
[EventCountry "ENG"]
[SourceTitle "CBM 084 Extra"]
[Source "ChessBase"]
[SourceDate "2001.10.26"]
[SourceVersion "1"]
[SourceVersionDate "2001.10.26"]
[SourceQuality "1"]
[WhiteTeam "Wood Green II"]
[BlackTeam "Barbican II"]
[WhiteTeamCountry "ENG"]
[BlackTeamCountry "ENG"]

1. d4 Nf6 2. c4 g6 3. Nc3 Bg7 4. e4 d6 5. Nf3 0-0 6. Be2 Na6 7. 0-0 e5 8. Be3 Ng4 9. Bg5 Qe8 10. h3 h6 11. Bc1 exd4 12. Nxd4 Nf6 13. Bf3 Nh7 14. Re1 Ng5 15. Bg4 Bxg4 16. hxg4 Qe5 17. Nf3 Nxf3+ 18. gxf3 Rae8 19. Be3 f5 20. exf5 gxf5 21. Kg2 Qe6 1/2-1/2

[Event "BCF-chT 0001 (4NCL)"]
[Site "Birmingham"]
[Date "2001.05.07"]
[Round "11.1"]
[White "Bezold, Michael"]
[Black "Collinson, Adam"]
[Result "1-0"]
[WhiteElo "2510"]
[BlackElo "2404"]
[PlyCount "84"]
[EventDate "2000.09.??"]
[EventType "team"]
[EventRounds "11"]
[EventCountry "ENG"]
[SourceTitle "EXT 2002"]
[Source "ChessBase"]
[SourceDate "2001.11.25"]
[SourceVersion "1"]
[SourceVersionDate "2001.11.25"]
[SourceQuality "1"]
[WhiteTeam "RIC"]
[BlackTeam "Barbican II"]
[WhiteTeamCountry "ENG"]
[BlackTeamCountry "ENG"]

1. c4 e5 2. g3 Nf6 3. Bg2 c6 4. d4 exd4 5. Qxd4 Na6 6. Nh3 Bc5 7. Qe5+ Qe7 8. Qxe7+ Bxe7 9. Nf4 Nb4 10. Kd1 Ng4 11. Nh3 0-0 12. Nc3 d6 13. Bd2 Be6 14. b3 Rfd8 15. f3 Nf6 16. Nf4 Bc8 17. h4 d5 18. a3 d4 19. Na4 Na6 20. Bh3 Bxh3 21. Rxh3 b5 22. Nb2 bxc4 23. Nxc4 Nd5 24. Nd3 Nb6 25. Na5 Rac8 26. Rh1 Rd5 27. Kc2 c5 28. Nc4 Bf6 29. Rad1 Nc7 30. Rhe1 Rd7 31. Nxc5 Rd5 32. Nxb6 Rxc5+ 33. Nc4 Nd5 34. Kb1 a5 35. Bxa5 Rxa5 36. Nxa5 Nc3+ 37. Kc2 Nxd1+ 38. Kxd1 d3 39. Nc4 Bc3 40. Nd2 Rd8 41. exd3 g6 42. Kc2 Rc8 1-0

[Event "BCF-chT 0001 (4NCL)"]
[Site "Birmingham"]
[Date "2001.05.05"]
[Round "9.7"]
[White "Thiruchelvam, Murugan"]
[Black "Collinson, Adam"]
[Result "0-1"]
[WhiteElo "2168"]
[BlackElo "2404"]
[PlyCount "74"]
[EventDate "2000.09.??"]
[EventType "team"]
[EventRounds "11"]
[EventCountry "ENG"]
[SourceTitle "EXT 2002"]
[Source "ChessBase"]
[SourceDate "2001.11.25"]
[SourceVersion "1"]
[SourceVersionDate "2001.11.25"]
[SourceQuality "1"]
[WhiteTeam "RIC"]
[BlackTeam "Barbican"]
[WhiteTeamCountry "ENG"]
[BlackTeamCountry "ENG"]

1. e4 c5 2. Nf3 d6 3. d4 cxd4 4. Qxd4 Nc6 5. Bb5 Bd7 6. Bxc6 Bxc6 7. Nc3 Nf6 8. Bg5 e6 9. 0-0-0 Be7 10. Qd3 0-0 11. Nd4 Rc8 12. f4 Qc7 13. Bxf6 Bxf6 14. g4 Rfd8 15. g5 Bxd4 16. Qxd4 b5 17. Rd2 e5 18. Qe3 b4 19. Nd5 Bxd5 20. exd5 Qc4 21. b3 exf4 22. Qxa7 Qe4 23. Qg1 Rc3 24. Qd1 Rdc8 25. Rf1 g6 26. Rff2 f3 27. Kb1 Re3 28. Rf1 Re2 29. Qc1 Rc3 30. Rxe2 fxe2 31. Re1 Rf3 32. h4 Rf2 33. Kb2 Qe5+ 34. Kb1 Qxd5 35. h5 Qf3 36. Qd2 Rf1 37. Kb2 Qc3+ 0-1

[Event "Bunratty Masters op"]
[Site "Bunratty"]
[Date "2001.02.18"]
[Round "6"]
[White "Collinson, Adam"]
[Black "Turner, Matthew"]
[Result "0-1"]
[WhiteElo "2404"]
[BlackElo "2498"]
[PlyCount "156"]
[EventDate "2001.02.19"]
[EventType "swiss"]
[EventRounds "6"]
[EventCountry "IRL"]
[SourceTitle "CBM 080 Extra"]
[Source "ChessBase"]
[SourceDate "2001.03.08"]
[SourceVersion "1"]
[SourceVersionDate "2001.03.08"]
[SourceQuality "1"]

1. e4 c5 2. Nf3 g6 3. d4 cxd4 4. Qxd4 Nf6 5. Nc3 Nc6 6. Qa4 d6 7. e5 dxe5 8. Nxe5 Bd7 9. Nxd7 Qxd7 10. Be2 Bg7 11. Be3 0-0 12. Rd1 Qf5 13. 0-0 a6 14. Bd3 Qc8 15. h3 b5 16. Qh4 Rd8 17. a3 Rb8 18. Be2 Qe6 19. Rxd8+ Rxd8 20. Rd1 Rxd1+ 21. Bxd1 Nd7 22. Ne4 Qe5 23. c3 h6 24. Qf4 Qxf4 25. Bxf4 f5 26. Ng3 Nc5 27. Nf1 e5 28. Bc1 e4 29. f4 exf3 30. Bxf3 Ne5 31. Bd5+ Kh7 32. Be3 Na4 33. Bb7 Nxb2 34. Bxa6 Nec4 35. Bxb5 Nxa3 36. Ba6 Bxc3 37. g4 fxg4 38. hxg4 Nc2 39. Kg2 Nb4 40. Bb7 Nc4 41. Bf2 Ne5 42. Ne3 Nbd3 43. Bc8 Nb4 44. Nd1 Ba1 45. Bg3 Nf7 46. Nf2 Kg7 47. Ne4 Be5 48. Be1 Nd5 49. Bd2 Nd8 50. Bd7 Nb6 51. Bb5 Ne6 52. Bc6 Nc4 53. Bc1 Nc7 54. Bd7 Bb2 55. Nd6 Bxc1 56. Nxc4 Kf6 57. Kf3 Kg5 58. Nd6 Nd5 59. Ne4+ Kh4 60. Be8 Nf4 61. Bf7 Nd3 62. Be6 Ne5+ 63. Kg2 Nxg4 64. Bxg4 Kxg4 65. Nf2+ Kf5 66. Nd3 Bf4 67. Ne1 g5 68. Nf3 g4 69. Nd4+ Ke5 70. Nf3+ Ke4 71. Ng1 h5 72. Ne2 h4 73. Nc3+ Kd3 74. Nd5 Be5 75. Ne7 h3+ 76. Kh1 g3 77. Nf5 g2+ 78. Kg1 Bd4+ 0-1

[Event "Bunratty Masters op"]
[Site "Bunratty"]
[Date "2001.02.18"]
[Round "5"]
[White "Levitt, Jonathan"]
[Black "Collinson, Adam"]
[Result "1/2-1/2"]
[WhiteElo "2438"]
[BlackElo "2404"]
[PlyCount "57"]
[EventDate "2001.02.19"]
[EventType "swiss"]
[EventRounds "6"]
[EventCountry "IRL"]
[SourceTitle "CBM 080 Extra"]
[Source "ChessBase"]
[SourceDate "2001.03.08"]
[SourceVersion "1"]
[SourceVersionDate "2001.03.08"]
[SourceQuality "1"]

1. d4 d6 2. e4 Nf6 3. f3 e5 4. d5 Be7 5. Be3 Nh5 6. Qd2 h6 7. g3 Bg5 8. Bh3 Bxe3 9. Qxe3 Nd7 10. Nd2 0-0 11. Ne2 Nhf6 12. c4 a5 13. 0-0 c6 14. Nc3 Qb6 15. Qxb6 Nxb6 16. Bxc8 Rfxc8 17. Rfc1 cxd5 18. Nxd5 Nfxd5 19. cxd5 Kf8 20. Kf2 Ke7 21. a4 f5 22. b3 fxe4 23. fxe4 Rxc1 24. Rxc1 Rf8+ 25. Ke3 Kd7 26. h3 g6 27. Rf1 Rxf1 28. Nxf1 Kc7 29. Nd2 1/2-1/2

[Event "Bunratty Masters op"]
[Site "Bunratty"]
[Date "2001.02.17"]
[Round "4"]
[White "Collinson, Adam"]
[Black "Lappage, Jonathan"]
[Result "1-0"]
[WhiteElo "2404"]
[BlackElo "2162"]
[PlyCount "95"]
[EventDate "2001.02.19"]
[EventType "swiss"]
[EventRounds "6"]
[EventCountry "IRL"]
[SourceTitle "CBM 080 Extra"]
[Source "ChessBase"]
[SourceDate "2001.03.08"]
[SourceVersion "1"]
[SourceVersionDate "2001.03.08"]
[SourceQuality "1"]

1. e4 c5 2. Nf3 d6 3. c3 Nf6 4. Bd3 Nc6 5. Bc2 Bg4 6. d3 Bxf3 7. Qxf3 g6 8. 0-0 Bg7 9. Nd2 0-0 10. Qe2 b5 11. Nf3 Nd7 12. Be3 b4 13. Ba4 Ndb8 14. d4 bxc3 15. bxc3 cxd4 16. cxd4 d5 17. e5 Qa5 18. Qb5 Qxb5 19. Bxb5 a6 20. Ba4 Na5 21. Nd2 Ra7 22. Rfc1 Nd7 23. Rab1 e6 24. Kf1 Rfa8 25. Ke2 Bf8 26. h4 Be7 27. Bg5 Kf8 28. Rc3 Ke8 29. Kd3 h5 30. Bxe7 Kxe7 31. Ra3 Nb8 32. Rc3 Nd7 33. g3 Kd8 34. Nb3 Nxb3 35. Rcxb3 Rc7 36. Rb7 Ra7 37. Rxa7 Rxa7 38. f3 Rc7 39. g4 hxg4 40. fxg4 Rc4 41. Bd1 Rc8 42. h5 gxh5 43. gxh5 Ke7 44. Rb7 Rb8 45. Ra7 Kd8 46. h6 Rb2 47. h7 Rh2 48. h8Q+ 1-0